Použitie elektrickej energie /

Salvato in:
Dettagli Bibliografici
Autori principali: Jarolím, Karel (Autore), Desort, František (Autore), Kondrys, Slavoj (Autore)
Natura: Libro
Lingua:slovacco
Pubblicazione: Bratislava : Alfa, 1969
Edizione:2.upr.vyd.
Soggetti:
Tags: Aggiungi Tag
Nessun Tag, puoi essere il primo ad aggiungerne!!

MARC

LEADER 00000nam a22000003a 4500
001 stu37360
005 20150617225729.0
008 920709s1969----cs------------------slo-d
040 |a STU  |b slo 
041 0 |a slo 
044 |a cs 
080 |a 621.31 
100 1 |a Jarolím, Karel  |4 aut 
245 1 |a Použitie elektrickej energie /  |c [aut.]Karel Jarolím, František Desort, Slavoj Kondrys 
250 |a 2.upr.vyd. 
260 |a Bratislava :  |b Alfa,  |c 1969 
300 |a 328 s 
650 7 |a energia elektrická  |2 stusub 
650 7 |a použitie  |2 stusub 
700 1 |a Desort, František  |4 aut 
700 1 |a Kondrys, Slavoj  |4 aut 
996 |b 284M047585  |c M*1510-1  |l MMKN  |s A  |a 24  |w stu37360_0001